| 000 | 00462nam a2200157Ia 4500 | ||
|---|---|---|---|
| 999 |
_c19355 _d19355 |
||
| 003 | OSt | ||
| 005 | 20200616142646.0 | ||
| 008 | 190216s9999||||xx |||||||||||||| ||und|| | ||
| 040 | _coclc | ||
| 082 |
_a309.154 _bDES/S |
||
| 100 |
_aDesai, A R _92954 |
||
| 245 | 0 |
_aSocial Background Of Indian Nationalism / _cA R Desai |
|
| 260 |
_bPopular Prakashan, _c1954. _aMumbai: |
||
| 300 | _a461p | ||
| 942 |
_cBK _2ddc _h309.154 _iDES/S _k309.154 _mDES/S |
||